000 00811nam a2200301Ia 4500
001 Z_57
003 CHAP
008 220113s1986 xx 000 0 und d
010 _a163023
040 _cCHAP
082 _a636.0896 C63y
100 _aCoffin, David L
_924348
245 _aLaboratorio clínico en medicina veterinaria /
_cpor David L. Coffin
260 _aMéxico, D. F. :
_bLa Prensa Médica Mexicana,
_c1986
300 _a335 p.
440 _a
500 _aTrad. de : la 3 ed. en inglés de 1952
503 _a
650 _aPatología veterinaria
_986194
650 _aVeterinaria
_xDiagnóstico
_9118992
650 _aVeterinaria
_xMétodos de laboratorio I. t.
_9137245
901 _a636.0896 C63y
902 _aA
910 _a1986
942 _c1
942 _cc1
999 _c163023
_d163023